000 00290nam a2200133Ia 4500
082 _a616.07
_bP15M
100 _aMOHAN, HARSH
245 _aPATHOLOGY QUICK REVIEW AND MCQ'S
250 _a7TH
260 _bJAYPEE
_aDELHI
_c2015
300 _a667
650 _aPATHOLOGY
942 _2ddc
_cBK
_035
999 _c6579
_d6579